00867cam a2200265 a 450000100090000000300050000900500170001400800410003101000170007202000270008903800110011604000180012705000220014508200180016710000300018524500840021525000120029926000600031130000400037150400640041165000410047565000320051665000230054870000300057113704945NUST20180625065437.0040830s2006 njua b 001 0 eng  a 2004058675 a0131196642 (paperback) aArshad aDLCcDLCdDLC00aPE1475b.G47 200600a808.0666bGER1 aGerson, Sharon J.,d1948-10aTechnical writing :bprocess and product /cSharon J. Gerson, Steven M. Gerson. a5th ed. aUpper Saddle River, NJ :bPearson Prentice Hall,c2006. axxiv, 680 p. :bcol. ill. ;c28 cm. aIncludes bibliographical references (p. 668-675) and index. 0aEnglish languagexTechnical English. 0aEnglish languagexRhetoric. 0aTechnical writing.1 aGerson, Steven M.,d1948-